000 01558nam0a2200373 4500
001 RU\NLR\BIBL_A\011944529
005 20191016091246.0
010 _a978-5-4461-0946-3
_9700
021 _aRU
_bКН-П-19-004013
_9КН-П-19-0295
035 _a(NLR Aleph) 011944529
035 _a(RuMoRGB)009686601
090 _a11110226
_c11110226
100 _a20190222d2019 u y0rusy50 ca
101 1 _arus
_ceng
102 _aRU
105 _aa zzzz00000zy
200 1 _aГрупповая психотерапия
_fИ. Ялом, М. Лесц
_g[перевод с английского С. Биркова и др.]
205 _a5-е изд.
210 _aСанкт-Петербург [и др.]
_cПитер
_d2019
215 _a620 с.
_cтабл.
_d24
225 1 _aМастера психологии
300 _aЗагл. и авт. ориг.: Group psychotherapy / Irvin D. Yalom, Molyn Leszcz
454 0 _12001#$aGroup psychotherapy
_1700#1$aYalom$bI. D.$f1931-$gIrvin D.$3RU\NLR\AUTH\7761889
_1701#1$aLeszcz$bM.$gMolyn
_tGroup psychotherapy
_aYalom, Irvin D. (1931-)
606 1 _aГрупповая психотерапия
_9929447
_3RU\NLR\AUTH\6623427
610 0 _aгрупповая психотерапия
686 1 _aЮ948.1-82
686 1 _aР357.17
700 1 _7ca
_8rus
_aЯлом
_bИ. Д.
_f1931-
_gИрвин Д.
_9120241
_3RU\NLR\AUTH\7710469
701 1 _aЛесц
_bМ.
_gМолин
942 _cBOOK
980 _aNBR
980 _aNB